Informe de actividades 1996

El articulo detalla las acciones y logros realizados durante dicho año en relación con la gestión de desastres y la prevención de situaciones de emergencia. El informe abarca diversas áreas, desde la planificación y ejecución de programas de prevención y respuesta ante desastres naturales y situacio...

全面介紹

Guardado en:
書目詳細資料
企業作者: México. Secretaría de Gobernación
格式: Texto
語言:Spanish
出版: México, Centro Nacional de Prevención de Desastres
主題:
在線閱讀:http://ensayes.cenapred.unam.mx
標簽: 添加標簽
沒有標簽, 成為第一個標記此記錄!

MARC

LEADER 00000 a a2200000 04500
001 40140
003 cru CIDCACS/IIS
005 20230906162014.0
008 230827b |||||||| |||| 00| 0 spa d
040 |c A 
090 |a 16.03.02 C397i  
110 |a México.   |b Secretaría de Gobernación  
245 |a Informe de actividades 1996  
260 |a México,   |b Centro Nacional de Prevención de Desastres  
300 |a 91 páginas : tablas, gráficos, fotos  
520 |a El articulo detalla las acciones y logros realizados durante dicho año en relación con la gestión de desastres y la prevención de situaciones de emergencia. El informe abarca diversas áreas, desde la planificación y ejecución de programas de prevención y respuesta ante desastres naturales y situaciones de crisis, hasta la capacitación de la población en medidas de seguridad y la coordinación de esfuerzos interinstitucionales. Se presentan estadísticas sobre eventos ocurridos y se describen las estrategias implementadas para mitigar sus efectos adversos. Este documento proporciona una visión integral de las acciones gubernamentales y la cooperación para salvaguardar la seguridad y el bienestar de la población frente a riesgos y desastres.RAR 
650 0 |2 OCDE  |9 3539  |a PREVENCIÓN DE DESASTRES 
856 |u http://ensayes.cenapred.unam.mx  
942 |2 z  |c LI  |h 16.03.02 C397i   |i 08779  |6 160302_C397I_08779 
999 |c 12879  |d 12879